000
00333nam a2200133Ia 4500
008
240624s9999 xx 000 0 und d
041
_a
eng
082
_a
823 BIN
100
_a
BINGHAM CHARLOTTE
245
_a
CHARLOTTE BINGHAM OUT OF THE BLUE
260
_c
2006
_a
London
_b
Bantam books
300
_a
446 : p. : cm. ; 17
365
_c
BPS
999
_c
3815
_d
3815